000 00823nam a22002177a 4500
005 20090302115652.0
008 090302t xxu||||| |||| 00| 0 hin d
010 _aHIN-46199
020 _c17.00
035 _aHN-27449
037 _bDBAD / PUB
040 _aDPL
_bHN
082 _b000
100 _aरानी
245 _aसचित्र सामान्य ज्ञान मंजूषा़ /
_cरानी
260 _aनई दिल्ली
_bरानी पब्लिकेशंस
_c2000
270 _bनई दिल्ली
300 _a96पृ.
_c18सेमी
942 _2ddc
_cHN
_h000 /
_mरानी
999 _c24569
_d24569